Süper Lig Vereine der Saison 2022/2023 - Statistiken

Allgemein
  • Dieses Quiz wurde 277 mal gespielt
  • Das Durchschnittsergebnis liegt bei 13 aus 20
Antwortstatistiken
Antwort % Korrekt
Galatasaray
99%
Fenerbahce
98%
Besiktas
97%
Trabzonspor
95%
Basaksehir
80%
Antalyaspor
76%
Hatayspor
76%
Adana Demirspor
72%
Konyaspor
72%
Sivasspor
69%
Alanyaspor
67%
Ankaragücü
66%
Kayserispor
66%
Kasimpasa
63%
Istanbulspor
58%
Fatih Karagümrük
53%
Giresunspor
45%
Ümraniyespor
42%
Gaziantep FK
28%
Malatyaspor
22%
Keine übereinstimmenden Quizze gefunden
Verteilung der Resultate
Anzahl Personen mit jedem Resultat
Perzentil nach korrekt beantworteten Fragen
Ihre Resultats-Entwicklung
Sie haben dieses Quiz noch nicht gespielt